| 000 | 01188cab a2200265 4500 | ||
|---|---|---|---|
| 001 | ABS54697 | ||
| 008 | 090401t1996 xxu||||| |||| 00| 0 eng d | ||
| 035 | _a(Sirsi) u11843 | ||
| 041 | _aeng | ||
| 245 | _aClwyd Alyn Housing Association v Welsh Office | ||
| 260 | _c1996 | ||
| 350 | _a0 | ||
| 490 |
_aProperty and Compensation Reports _v(1996) 71 P&CR 195-290(15) |
||
| 520 | _aLT 28 October 1995. Claim for compensation under Land Compensation Act 1973 Part I for depreciation of freehold reversionary interest due to traffic noise from a newly-opened adjacent bypass. Two blocks of flats were owned by a housing association and used for sheltered accommodation purposes subject to restrictions on use and disposal. Found in favour of the compensating authority disregarding the claimant evidence. | ||
| 650 | _aBLOCK OF FLATS | ||
| 650 | _aCOMPENSATION | ||
| 650 | _aDEPRECIATION | ||
| 650 | _aFREEHOLD INTEREST | ||
| 650 | _aLAND COMPENSATION ACT 1973 PART I | ||
| 650 | _aPUBLIC WORKS | ||
| 650 | _aSHELTERED HOUSING | ||
| 690 | _aENVIRONMENTAL AND LAND CONSULTANCY-PLANNING AND DEVELOPMENT-COMPULSORY PURCHASE AND COMPENSATION | ||
| 942 | _n0 | ||
| 948 | _c04/03/1997 | ||
| 999 |
_c7565 _d7565 |
||